| 000 | 00437cam a2200181ua 4500 | ||
|---|---|---|---|
| 020 | _c3.50 | ||
| 041 |
_amal _h |
||
| 082 |
_a894.8121 _bACH/AA |
||
| 100 | _aAchutha Warrier, C. | ||
| 245 |
_aAattakathakal Part 2 / _cC.Achutha Warrier. _hTextual Documents |
||
| 250 |
_a5 / _b. |
||
| 260 |
_aKollam : _bS.T Reddiar &Sons , _c1956. |
||
| 300 | _a603 ; . | ||
| 365 | _a3.50 | ||
| 504 | _a | ||
| 942 | _cBK | ||
| 999 |
_c6516 _d6516 |
||